Prácticas orales y escritas sobre las cuatro operaciones fundamentales para uso de los diferentes grados de la enseñanza primaria elemental. Clave.
Guardado en:
| Autor principal: | |
|---|---|
| Formato: | Libro |
| Lenguaje: | español |
| Publicado: |
México, D. F.
Edit. Enseñanza.
[s. a.]
|
| Catálogo: | MANES: Resultados de Búsqueda del Catálogo |
| Clasificación de libros de texto: |
|
| Etiquetas: |
Agregar Etiqueta
Sin Etiquetas, Sea el primero en etiquetar este registro!
|
| Añadido a: | 2018-11-29 |
| Cambiado en: | 2022-04-05 |
MARC
| LEADER | 00000nam a2200000 4500 | ||
|---|---|---|---|
| 005 | 20220406014850.0 | ||
| 008 | 181130b xxu||||| |||| 00| 0 spa d | ||
| 040 | |a centro_manes |c universidad_colima | ||
| 100 | |9 6 |a Bruño, G. M. | ||
| 245 | |a Prácticas orales y escritas sobre las cuatro operaciones fundamentales para uso de los diferentes grados de la enseñanza primaria elemental. Clave. | ||
| 260 | |a México, D. F. |b Edit. Enseñanza. |c [s. a.] | ||
| 300 | |a 64 p. |c 18 cm. | ||
| 500 | |a Aparece: Francisco Ziga, "Bibliografía Pedagógica. Libros de texto para enseñanza primaria:1850-1970 V. Libros de Matemáticas" en Boletín del Instituto de Investigaciones Bibliográficas 1981-1982, Biblioteca Nacional, Hemeroteca Nacional, Universidad Nacional Autónoma de México, Nos. 18 - 19,p. 20. | ||
| 690 | 0 | |a MATE | |
| 691 | 0 | |a PRI | |
| 942 | |2 ddc |c BK | ||
| 999 | |c 53399 |d 53399 | ||
| 999 | |c manes:53399 |d 53399 | ||